000 00439 a2200181 4500
005 20240606152754.0
010 _aB-759302
020 _a9788131934067
_c595.00
035 _aB-759302
037 _bGift
082 _aS
245 _a365 Goodnight Stories/
260 _aNew Delhi
_bVishu Books
270 _aNew Delhi
300 _a200 p.
_c28 cm(Hb)
942 _adpl
_cCH
_2ddc
_hS
_m365
999 _c203534
_d203534